| 000 | 00810nam a2200277Ia 4500 | ||
|---|---|---|---|
| 003 | OSt | ||
| 005 | 20221006140645.0 | ||
| 006 | a|||||r|||| 00| 0 | ||
| 007 | ta | ||
| 008 | 221006b |||||||| |||| 00| 0 eng d | ||
| 020 | _c¥11600 (each) | ||
| 024 | _a288 | ||
| 037 |
_bGift, Japan Foundation _cTextual |
||
| 040 |
_aEASL _cEASL _beng |
||
| 041 |
_2eng _aeng |
||
| 082 | _ak42,N98, N8 | ||
| 100 |
_aKODANSHA INTERNATIONAL Ed. _9643129 |
||
| 245 | 0 | _aKodansha bilingual encyclopedia of Japan (Taiyaku nihon jiten) | |
| 260 |
_aTokyo _bKodansha International Japan _c1998 |
||
| 300 |
_a943p. _ccm. |
||
| 490 | _v RR | ||
| 650 | _a JL | ||
| 650 |
_aFMU _9643130 |
||
| 942 |
_hk42,N98, N8 _cTEXL _2CC |
||
| 999 |
_c1068375 _d1068375 |
||